书目信息 |
| 题名: |
再别康桥
|
|
| 作者: | 徐志摩, 著 | |
| 分册: | 下册 | |
| 出版信息: | 青岛 青岛出版社 2019.03 |
|
| 页数: | 2册 (19, 474页) | |
| 开本: | 21cm | |
| 丛书名: | ||
| 单 册: | ||
| 中图分类: | I226.1 | |
| 科图分类: | ||
| 主题词: | 新诗--xin shi--诗集--中国--现代 | |
| 电子资源: | ||
| ISBN: | 978-7-5552-8070-5 | |
| 000 | 01015nam0 2200289 450 | |
| 001 | CAL 010245698 | |
| 005 | 20230307171416.73 | |
| 010 | @a978-7-5552-8070-5@dCNY29.00 | |
| 100 | @a20190807d2019 em y0chiy0120 ea | |
| 101 | 0 | @achi |
| 102 | @aCN@b370000 | |
| 105 | @ay z 000gy | |
| 106 | @ar | |
| 200 | 1 | @a再别康桥@Azai bie kang qiao@e徐志摩诗歌全集@f徐志摩著@h下册 |
| 210 | @a青岛@c青岛出版社@d2019.03 | |
| 215 | @a2册 (19, 474页)@d21cm | |
| 312 | @a英文题名取自封面 | |
| 314 | @a徐志摩, 民国时期风流才子、诗人、散文家、翻译家。 | |
| 330 | @a本书收录了《康桥再会罢》、《地中海》、《恋爱到底是什么一回事》、《希望的埋葬》、《哀曼殊斐儿》、《一小幅的穷乐图》等作品。 | |
| 510 | 1 | @aFarewell to cambridge@zeng |
| 517 | 1 | @a徐志摩诗歌全集@Axu zhi mo shi ge quan ji |
| 606 | 0 | @a新诗@Axin shi@x诗集@y中国@z现代 |
| 690 | @aI226.1@v5 | |
| 701 | 0 | @a徐志摩,@Axu zhi mo@f1897-1931@4著 |
| 801 | 0 | @aCN@bBJXHZP@c20230228 |
| 804 | @a上, 19, 207 ; 下, 211-474 | |
| 905 | @b1407407-10@dI226.1@e136:1@f4 | |
| 再别康桥:徐志摩诗歌全集/徐志摩著.下册.-青岛:青岛出版社,2019.03 |
| 2册 (19, 474页);21cm |
| ISBN 978-7-5552-8070-5:CNY29.00 |
| 本书收录了《康桥再会罢》、《地中海》、《恋爱到底是什么一回事》、《希望的埋葬》、《哀曼殊斐儿》、《一小幅的穷乐图》等作品。 |
| ● |
| 相关链接 |
|
|
|
|
正题名:再别康桥
索取号:I226.1/136:1
 
预约/预借
| 序号 | 登录号 | 条形码 | 馆藏地/架位号 | 状态 | 备注 |
| 1 | 1407407 | 214074071 | 第一样本阅览室/ [索取号:I226.1/136:1] | 在馆 | |
| 2 | 1407408 | 214074080 | 第二借阅区/ [索取号:I226.1/136:1] | 在馆 | |
| 3 | 1407409 | 214074099 | 第二借阅区/ [索取号:I226.1/136:1] | 在馆 | |
| 4 | 1407410 | 214074106 | 第二借阅区/ [索取号:I226.1/136:1] | 在馆 |